[Event "4NCL/Div4/NOTT1 vs. MONM"]
[Site "West Bromwich ENG"]
[Date "2006.12.03"]
[Round "4.1"]
[White "Richmond, Robert J"]
[Black "Sully, David"]
[Result "1-0"]
[WhiteElo "2229"]
[BlackElo "2126"]
[PlyCount "92"]
[EventDate "2006.12.03"]
[EventType "team"]
[EventRounds "11"]
[EventCountry "ENG"]
[WhiteTeam "Notts 1"]
[BlackTeam "Monmouth"]

1. d4 e6 2. c4 f5 3. Nc3 Nf6 4. g3 Bb4 5. Bd2 Bxc3 6. Bxc3 Ne4 7. Qc2 Nxc3 8.
Qxc3 Qf6 9. Nf3 b6 10. Bg2 Bb7 11. O-O O-O 12. Rad1 Be4 13. c5 Nc6 14. Ne5 Bxg2
15. Kxg2 Rfd8 16. cxb6 cxb6 17. Nxd7 Rxd7 18. Qxc6 Rad8 19. e3 Rd6 20. Qc4 g5
21. Qe2 Qg6 22. Rc1 R8d7 23. Rc8+ Kg7 24. Rfc1 g4 25. h4 gxh3+ 26. Kxh3 Qf7 27.
Kg2 e5 28. dxe5 Qd5+ 29. Qf3 Qxe5 30. R1c7 Qe4 31. Qxe4 fxe4 32. Rxd7+ Rxd7 33.
Re8 a5 34. Re6 b5 35. Re5 b4 36. Rxa5 Rd2 37. b3 Kf6 38. Ra4 Kf5 39. Rxb4 Rxa2
40. Rb5+ Kf6 41. g4 Rb2 42. Kg3 h6 43. b4 Kg6 44. Rb8 Kg7 45. b5 Kh7 46. b6 Kg7
1-0

[Event "4NCL/Div4/NOTT1 vs. MONM"]
[Site "West Bromwich ENG"]
[Date "2006.12.03"]
[Round "4.2"]
[White "Waterfield, John"]
[Black "Mercs, Peter J"]
[Result "0-1"]
[WhiteElo "2037"]
[BlackElo "2066"]
[PlyCount "70"]
[EventDate "2006.12.03"]
[EventType "team"]
[EventRounds "11"]
[EventCountry "ENG"]
[WhiteTeam "Monmouth"]
[BlackTeam "Notts 1"]

1. e4 c5 2. d4 cxd4 3. c3 Nf6 4. e5 Nd5 5. Bc4 Qc7 6. Qe2 e6 7. Nf3 Nb6 8. Bb3
Nc6 9. O-O d3 10. Qe4 d5 11. exd6 Bxd6 12. Qxd3 Bd7 13. Be3 O-O-O 14. Nbd2 Ne5
15. Nxe5 Bxe5 16. f4 Bc6 17. Qe2 Bd6 18. c4 Be7 19. Nf3 Bf6 20. a4 Nd7 21. Qf2
Bxf3 22. Qxf3 Nc5 23. Bc2 Bxb2 24. Rab1 Bd4 25. Qf2 Bxe3 26. Qxe3 f5 27. Rb5 b6
28. a5 Rd6 29. Rfb1 Rhd8 30. R1b2 Rd1+ 31. Bxd1 Rxd1+ 32. Kf2 Nd3+ 33. Ke2 Re1+
34. Kxd3 Qd6+ 35. Rd5 Rxe3+ 0-1

[Event "4NCL/Div4/NOTT1 vs. MONM"]
[Site "West Bromwich ENG"]
[Date "2006.12.03"]
[Round "4.3"]
[White "Burke, Steven J"]
[Black "Beveridge, Nigel K"]
[Result "1-0"]
[WhiteElo "2055"]
[BlackElo "2005"]
[PlyCount "103"]
[EventDate "2006.12.03"]
[EventType "team"]
[EventRounds "11"]
[EventCountry "ENG"]
[WhiteTeam "Notts 1"]
[BlackTeam "Monmouth"]

1. f4 d5 2. Nf3 Nf6 3. d3 c5 4. c3 Nc6 5. Qc2 Bg4 6. e4 Bxf3 7. gxf3 e5 8. fxe5
Nxe5 9. Be2 Nh5 10. Qa4+ Nc6 11. Be3 Qh4+ 12. Bf2 Qf4 13. Nd2 O-O-O 14. O-O-O
Bd6 15. Qb5 a6 16. Qb6 c4 17. exd5 Bc7 18. Qc5 cxd3 19. Bxd3 Ne5 20. Be4 f5 21.
Be3 fxe4 22. Nxe4 Nd7 23. Bxf4 Nxc5 24. Bxc7 Nxe4 25. Bxd8 Nf2 26. Bb6 Nxh1 27.
Rxh1 Rf8 28. Rf1 Rf4 29. Be3 Rh4 30. Rf2 Ra4 31. a3 Kd7 32. Kc2 Nf6 33. Rd2 Rh4
34. Bg5 Rh3 35. Bxf6 gxf6 36. Rf2 b5 37. Kd3 Kd6 38. Kd4 Rh5 39. c4 bxc4 40.
Kxc4 Rxd5 41. b4 Rf5 42. f4 Kc6 43. a4 Rh5 44. Re2 Kd6 45. Rd2+ Kc6 46. Kd4
Rd5+ 47. Ke3 Rh5 48. Kf3 f5 49. Kg3 Rh6 50. Rc2+ Kd5 51. Rc5+ Kd4 52. Rxf5 1-0

[Event "4NCL/Div4/NOTT1 vs. MONM"]
[Site "West Bromwich ENG"]
[Date "2006.12.03"]
[Round "4.4"]
[White "Smith, Richard W"]
[Black "Truman, Richard G"]
[Result "1/2-1/2"]
[WhiteElo "1995"]
[BlackElo "2027"]
[PlyCount "69"]
[EventDate "2006.12.03"]
[EventType "team"]
[EventRounds "11"]
[EventCountry "ENG"]
[WhiteTeam "Monmouth"]
[BlackTeam "Notts 1"]

1. e4 c5 2. Nf3 d6 3. d4 cxd4 4. Nxd4 Nf6 5. Nc3 a6 6. Be2 e5 7. Nb3 Be7 8. Be3
Be6 9. O-O O-O 10. f4 b5 11. Bf3 Nbd7 12. Qd2 Nb6 13. Bxb6 Qxb6+ 14. Kh1 Rac8
15. a4 exf4 16. axb5 axb5 17. Nd5 Bxd5 18. exd5 Nd7 19. Bg4 f5 20. Be2 Bf6 21.
c3 Nc5 22. Nxc5 Rxc5 23. Bf3 Be5 24. Ra2 Qd8 25. Rfa1 Qf6 26. Ra5 Rb8 27. Ra8
Qd8 28. R8a6 Rcc8 29. Qd3 g6 30. Qd2 Rb6 31. Ra7 Rcb8 32. Qf2 Qc8 33. Qh4 R6b7
34. R7a6 Rb6 35. Ra7 1/2-1/2

[Event "4NCL/Div4/NOTT1 vs. MONM"]
[Site "West Bromwich ENG"]
[Date "2006.12.03"]
[Round "4.5"]
[White "Lakhani, Kishan"]
[Black "Davis, Lee"]
[Result "1-0"]
[WhiteElo "1984"]
[BlackElo "2025"]
[PlyCount "121"]
[EventDate "2006.12.03"]
[EventType "team"]
[EventRounds "11"]
[EventCountry "ENG"]
[WhiteTeam "Notts 1"]
[BlackTeam "Monmouth"]

1. e4 d6 2. d4 Nf6 3. Nc3 g6 4. f3 a6 5. Be3 b5 6. Qd2 Bb7 7. h4 h5 8. Nh3 Nbd7
9. a4 c6 10. Ng5 Bg7 11. Be2 e5 12. O-O O-O 13. Nd1 d5 14. c3 Re8 15. Nf2 Rc8
16. axb5 cxb5 17. Bd3 Nf8 18. dxe5 Rxe5 19. Bd4 Re8 20. e5 N6h7 21. f4 f6 22.
Nxh7 Kxh7 23. Nh3 f5 24. Ng5+ Kg8 25. b4 Bh6 26. Bc2 Bxg5 27. hxg5 Ne6 28. Bb3
Qc7 29. Rf3 Red8 30. Qf2 Rd7 31. Rd3 Kf7 32. Rad1 Nxd4 33. Qxd4 Ke6 34. Qf2
Rcd8 35. Qa7 Ra8 36. Qe3 Rad8 37. Rd4 Ba8 38. Qf2 Bb7 39. R1d3 Ba8 40. Qd2 Bb7
41. Rh3 Rh8 42. Qd3 Rhd8 43. Bc2 Rh7 44. Bb3 Rhd7 45. Qb1 Rh7 46. Bc2 Qb6 47.
g4 Rf8 48. gxf5+ gxf5 49. Kh2 Qc7 50. Qd1 h4 51. Qg1 Qg7 52. Rd2 Qc7 53. Bb3 a5
54. bxa5 Ra8 55. g6 Rh6 56. g7 Rg8 57. Rg2 Rh7 58. Rg6+ Kd7 59. a6 Ba8 60. Qg5
Ke8 61. Re6+ 1-0

[Event "4NCL/Div4/NOTT1 vs. MONM"]
[Site "West Bromwich ENG"]
[Date "2006.12.03"]
[Round "4.6"]
[White "Thomas, Kevin"]
[Black "Webster, Richard J"]
[Result "1/2-1/2"]
[WhiteElo "1980"]
[BlackElo "1983"]
[PlyCount "89"]
[EventDate "2006.12.03"]
[EventType "team"]
[EventRounds "11"]
[EventCountry "ENG"]
[WhiteTeam "Monmouth"]
[BlackTeam "Notts 1"]

1. e4 e6 2. d4 d5 3. Be3 dxe4 4. Nd2 Nd7 5. Nxe4 Ngf6 6. Bd3 Nxe4 7. Bxe4 c5 8.
Nf3 Qc7 9. O-O Be7 10. c3 Nf6 11. Bd3 Bd7 12. Ne5 Rd8 13. Re1 O-O 14. Bg5 h6
15. Bh4 cxd4 16. cxd4 Nd5 17. Rc1 Bc6 18. Bg3 Bd6 19. Bb1 Ne7 20. Qc2 g6 21. b4
Qb6 22. Nxg6 fxg6 23. Rxe6 Bxb4 24. Rxg6+ Kf7 25. Rxh6 Qxd4 26. Qe2 Rg8 27.
Qh5+ Kf8 28. Re6 Qg7 29. Qh4 Qg5 30. Qxb4 Qxc1+ 31. Re1 Qg5 32. h4 Qf6 33. h5
Rxg3 34. fxg3 Qd4+ 35. Qxd4 Rxd4 36. h6 Nd5 37. h7 Kg7 38. Bc2 Nf6 39. Re7+ Kh8
40. Rf7 Nxh7 41. Rxh7+ Kg8 42. Rc7 Rd2 43. Bb3+ Kh8 44. Kh2 Bxg2 45. Rc2
1/2-1/2

[Event "4NCL/Div4/CAMB2 vs. LMAO1"]
[Site "West Bromwich ENG"]
[Date "2006.12.03"]
[Round "4.1"]
[White "Cooley, Oliver"]
[Black "Poobalasingam, Peter"]
[Result "0-1"]
[WhiteElo "2101"]
[BlackElo "2077"]
[PlyCount "70"]
[EventDate "2006.12.03"]
[EventType "team"]
[EventRounds "11"]
[EventCountry "ENG"]
[WhiteTeam "Cambridge Uni 2 "]
[BlackTeam "London Mstrs 1"]

1. e4 c5 2. Nf3 d6 3. d4 cxd4 4. Nxd4 Nf6 5. Nc3 Nc6 6. Bg5 e6 7. Qd2 a6 8.
O-O-O Bd7 9. f4 h6 10. Bh4 Be7 11. Be2 Qc7 12. Bf3 O-O-O 13. Bf2 g5 14. g3 Kb8
15. Qe3 gxf4 16. gxf4 Na5 17. Ndb5 Bxb5 18. Qa7+ Kc8 19. e5 Nd7 20. Nxb5 axb5
21. Qa8+ Nb8 22. Rd3 d5 23. f5 Bg5+ 24. Kb1 Nac6 25. Ra3 Kd7 26. fxe6+ fxe6 27.
Bxd5 exd5 28. e6+ Kxe6 29. Re1+ Ne5 30. Qa7 Nbc6 31. Qc5 Be7 32. Qxb5 Bxa3 33.
bxa3 Qa5 34. Qb2 Kd7 35. Bb6 Qxe1+ 0-1

[Event "4NCL/Div4/CAMB2 vs. LMAO1"]
[Site "West Bromwich ENG"]
[Date "2006.12.03"]
[Round "4.2"]
[White "Schlesinger, Noah W"]
[Black "Spencer, Carl"]
[Result "0-1"]
[WhiteElo "1935"]
[BlackElo "2030"]
[PlyCount "66"]
[EventDate "2006.12.03"]
[EventType "team"]
[EventRounds "11"]
[EventCountry "ENG"]
[WhiteTeam "London Mstrs 1"]
[BlackTeam "Cambridge Uni 2 "]

1. c4 Nf6 2. Nc3 g6 3. g3 Bg7 4. Bg2 O-O 5. e3 d6 6. Nge2 c6 7. d4 Nbd7 8. O-O
Rb8 9. b3 b5 10. Bxc6 bxc4 11. bxc4 Nb6 12. Qd3 Qc7 13. Nd5 Nbxd5 14. cxd5 Bf5
15. Qa3 Be4 16. Nc3 Bf3 17. h3 Qc8 18. Kh2 Qf5 19. e4 Qh5 20. h4 Ng4+ 21. Kg1
f5 22. Bg5 h6 23. Bxe7 g5 24. Qxd6 gxh4 25. Bxh4 Bxd4 26. Qe6+ Kh8 27. Nb5 Be5
28. Nd6 Qxh4 29. Qxe5+ Nxe5 30. gxh4 Rg8+ 31. Kh2 Rg2+ 32. Kh3 Nd3 33. h5 Nf4+
0-1

[Event "4NCL/Div4/CAMB2 vs. LMAO1"]
[Site "West Bromwich ENG"]
[Date "2006.12.03"]
[Round "4.3"]
[White "Gooding, Ian"]
[Black "Walker, Samuel"]
[Result "0-1"]
[WhiteElo "2014"]
[BlackElo "1910"]
[PlyCount "84"]
[EventDate "2006.12.03"]
[EventType "team"]
[EventRounds "11"]
[EventCountry "ENG"]
[WhiteTeam "Cambridge Uni 2 "]
[BlackTeam "London Mstrs 1"]

1. e4 c5 2. Nf3 g6 3. c4 Nc6 4. Nc3 Bg7 5. Be2 e6 6. O-O Nge7 7. Re1 O-O 8. Bf1
f5 9. d3 d5 10. exd5 exd5 11. Bg5 h6 12. Bxe7 Nxe7 13. d4 cxd4 14. Nxd4 Kh7 15.
Ne6 Bxe6 16. Rxe6 d4 17. Nb5 a6 18. Rd6 Qb8 19. Re6 Nc6 20. Na3 Be5 21. Qb3
Bxh2+ 22. Kh1 Be5 23. Re1 Qc7 24. Bd3 Rae8 25. Rxe8 Rxe8 26. f4 Na5 27. Qc2 Qd8
28. Qe2 Qh4+ 29. Kg1 Qxf4 30. Qf3 Qh2+ 31. Kf2 Qh4+ 32. Kf1 Qh1+ 33. Kf2 Bg3+
34. Kxg3 Qxe1+ 35. Kh2 Qh4+ 36. Kg1 Re1+ 37. Bf1 Qe4 38. Qg3 Qe3+ 39. Qxe3 dxe3
40. Nc2 Rb1 41. Nxe3 Rxb2 42. Nd5 Rxa2 0-1

[Event "4NCL/Div4/CAMB2 vs. LMAO1"]
[Site "West Bromwich ENG"]
[Date "2006.12.03"]
[Round "4.4"]
[White "Graham, Louis"]
[Black "Gallagher, Ian G"]
[Result "0-1"]
[WhiteElo "1940"]
[BlackElo "2005"]
[PlyCount "34"]
[EventDate "2006.12.03"]
[EventType "team"]
[EventRounds "11"]
[EventCountry "ENG"]
[WhiteTeam "London Mstrs 1"]
[BlackTeam "Cambridge Uni 2 "]

1. d4 Nf6 2. Nf3 g6 3. Bf4 Bg7 4. Nbd2 d6 5. e4 O-O 6. Be2 Nbd7 7. c3 Nh5 8.
Be3 e5 9. g4 Nf4 10. Bxf4 exf4 11. g5 c5 12. Nc4 Qe7 13. Qc2 b5 14. Ncd2 Bb7
15. Bxb5 f5 16. Bxd7 Bxe4 17. Qb3+ Bd5+ 0-1

[Event "4NCL/Div4/CAMB2 vs. LMAO1"]
[Site "West Bromwich ENG"]
[Date "2006.12.03"]
[Round "4.5"]
[White "Kreuzer, Christopher"]
[Black "Walker, Colin M"]
[Result "1/2-1/2"]
[WhiteElo "1990"]
[BlackElo "1910"]
[PlyCount "121"]
[EventDate "2006.12.03"]
[EventType "team"]
[EventRounds "11"]
[EventCountry "ENG"]
[WhiteTeam "Cambridge Uni 2 "]
[BlackTeam "London Mstrs 1"]

1. e4 c5 2. Nf3 g6 3. d4 cxd4 4. Nxd4 Nc6 5. Bc4 Nf6 6. Nc3 Bg7 7. Be3 O-O 8.
f3 Na5 9. Bb3 Nxb3 10. axb3 d6 11. O-O a6 12. Qd2 Re8 13. b4 Bd7 14. Ra3 Rc8
15. Rfa1 e5 16. Nb3 d5 17. exd5 e4 18. f4 Ng4 19. Nc5 Rc7 20. Rd1 Nxe3 21. Qxe3
Bg4 22. Rd2 Bf8 23. N3a4 Bd6 24. h3 Bc8 25. Nb6 Rce7 26. Nc4 Qc7 27. Nxd6 Qxd6
28. c3 f5 29. g3 h6 30. Ra1 Rg7 31. Kh2 g5 32. Rf1 Kh7 33. c4 Reg8 34. Rg2 b6
35. Na4 b5 36. Qb6 Qxb4 37. Nc5 gxf4 38. Rxf4 Qxc4 39. Rh4 Qc1 40. Ne6 Bxe6 41.
Qxe6 Qg5 42. Rg1 Rg6 43. Qe5 Qf6 44. Qxf6 Rxf6 45. Rd1 Rd6 46. Rf4 Kg6 47. g4
Rf8 48. Kg3 Rf7 49. h4 a5 50. gxf5+ Rxf5 51. Rxe4 Rfxd5 52. Re6+ Rxe6 53. Rxd5
Rb6 54. h5+ Kf6 55. b3 a4 56. bxa4 bxa4 57. Ra5 Rb3+ 58. Kf4 Rb4+ 59. Kf3 Rb3+
60. Kf4 Rb4+ 61. Kf3 1/2-1/2

[Event "4NCL/Div4/CAMB2 vs. LMAO1"]
[Site "West Bromwich ENG"]
[Date "2006.12.03"]
[Round "4.6"]
[White "Kenyon, Scott J M"]
[Black "Gibbs, Dominic"]
[Result "1/2-1/2"]
[WhiteElo "1759"]
[BlackElo "1964"]
[PlyCount "88"]
[EventDate "2006.12.03"]
[EventType "team"]
[EventRounds "11"]
[EventCountry "ENG"]
[WhiteTeam "London Mstrs 1"]
[BlackTeam "Cambridge Uni 2 "]

1. e4 c5 2. Nf3 d6 3. d4 cxd4 4. Nxd4 Nf6 5. Nc3 a6 6. Bg5 e6 7. f4 Qb6 8. a3
Nc6 9. Nb3 Be7 10. Be2 Bd7 11. Qd3 h6 12. Bh4 Nxe4 13. Nxe4 Bxh4+ 14. g3 Be7
15. Nxd6+ Bxd6 16. Qxd6 O-O-O 17. Qc5 Qxc5 18. Nxc5 Nd4 19. Bd3 Bc6 20. Rf1
Nf3+ 21. Ke2 Nxh2 22. Rfb1 Rd5 23. b4 Rhd8 24. c4 Rd4 25. Rb3 Ng4 26. a4 Nf6
27. b5 axb5 28. axb5 Bg2 29. b6 Nd7 30. Ra8+ Nb8 31. Kf2 Bc6 32. Ke3 R4d6 33.
Be4 f5 34. Bxc6 Rxc6 35. Rb5 Rdd6 36. Nxb7 Kxb7 37. Ra7+ Kc8 38. c5 Rd5 39.
Rxg7 Rcxc5 40. b7+ Kd8 41. Rg8+ Kc7 42. Rc8+ Kd6 43. Rbxc5 Rxc5 44. Rxb8 Rb5
1/2-1/2

[Event "4NCL/Div4/KSP vs. PPA2"]
[Site "West Bromwich ENG"]
[Date "2006.12.03"]
[Round "4.1"]
[White "Davies, Matthew"]
[Black "Byway, Paul"]
[Result "1/2-1/2"]
[WhiteElo "1960"]
[BlackElo "2184"]
[PlyCount "102"]
[EventDate "2006.12.03"]
[EventType "team"]
[EventRounds "11"]
[EventCountry "ENG"]
[WhiteTeam "King supp Pawn"]
[BlackTeam "Poisnd Pawns 2"]

1. d4 Nf6 2. c4 e6 3. Nc3 d5 4. cxd5 exd5 5. Bg5 Nbd7 6. e3 c6 7. Nf3 Be7 8.
Bd3 O-O 9. Qc2 Re8 10. O-O Nf8 11. a3 Ne4 12. Bxe7 Qxe7 13. h3 Ng5 14. Nxg5
Qxg5 15. Kh2 f5 16. f4 Qf6 17. Rfe1 Be6 18. Ne2 Rec8 19. b4 Nd7 20. Ng1 Nb6 21.
Nf3 Nc4 22. Ne5 Nxe5 23. fxe5 Qg5 24. Qf2 Rf8 25. Rf1 Qe7 26. Qc2 Qg5 27. Qf2
a5 28. g3 Qe7 29. Qb2 g5 30. Qd2 axb4 31. axb4 Rxa1 32. Rxa1 f4 33. exf4 gxf4
34. gxf4 Qh4 35. Rg1+ Kh8 36. f5 Bxf5 37. Bxf5 Rxf5 38. Qe3 Qf2+ 39. Qxf2 Rxf2+
40. Rg2 Rf4 41. Rg4 Rxg4 42. hxg4 Kg7 43. Kg3 Kf7 44. Kf4 Ke6 45. Kg5 b6 46.
Kf4 h6 47. b5 cxb5 48. Ke3 Ke7 49. Kd3 Kd7 50. Kc3 Kc7 51. Kb3 Kd7 1/2-1/2

[Event "4NCL/Div4/KSP vs. PPA2"]
[Site "West Bromwich ENG"]
[Date "2006.12.03"]
[Round "4.2"]
[White "Goodger, Martyn"]
[Black "Carpenter, Dai"]
[Result "1/2-1/2"]
[WhiteElo "2096"]
[BlackElo "2030"]
[PlyCount "170"]
[EventDate "2006.12.03"]
[EventType "team"]
[EventRounds "11"]
[EventCountry "ENG"]
[WhiteTeam "Poisnd Pawns 2"]
[BlackTeam "King supp Pawn"]

1. e4 g6 2. d4 d6 3. Nc3 c6 4. Be3 b5 5. h3 h5 6. Bd3 Bg7 7. Nf3 a6 8. O-O Nd7
9. Qd2 Bb7 10. Ng5 Nh6 11. f4 Nf8 12. f5 gxf5 13. exf5 Qd7 14. Nge4 Ng8 15. a4
Nf6 16. Nxf6+ Bxf6 17. d5 cxd5 18. Be2 Rc8 19. axb5 axb5 20. Bxb5 Bc6 21. Ra7
Qd8 22. Bxc6+ Rxc6 23. Qxd5 Rc8 24. Ne4 Nh7 25. Qb5+ Kf8 26. c3 Rg8 27. Bh6+
Bg7 28. Be3 Be5 29. Qe2 Rb8 30. b4 Nf6 31. Bh6+ Ke8 32. Nxf6+ Bxf6 33. Qa6 Bg7
34. Qc6+ Kf8 35. Bxg7+ Rxg7 36. Rfa1 Rg8 37. Ra8 Kg7 38. Rxb8 Qxb8 39. Kh1 Kf6
40. Qd5 Qb6 41. Qf3 h4 42. Qf4 Rh8 43. Re1 Rh5 44. Qe4 Qc7 45. Qd4+ e5 46.
fxe6+ Re5 47. Rxe5 dxe5 48. Qxh4+ Kxe6 49. c4 Qb7 50. Qg4+ Ke7 51. Qg5+ Ke6 52.
Qd2 Kf5 53. c5 e4 54. Kg1 Qa7 55. Kf2 Kg6 56. h4 f6 57. g4 Qa3 58. h5+ Kg7 59.
Qd7+ Kh6 60. Qd2+ Kh7 61. Qd7+ Kh6 62. Qf5 Qb2+ 63. Ke3 Qc3+ 64. Kxe4 Qc4+ 65.
Ke3 Qb3+ 66. Kd4 Qxb4+ 67. Kd5 Qb3+ 68. Kd6 Qb8+ 69. Ke7 Qf8+ 70. Ke6 Qf7+ 71.
Kd6 Qf8+ 72. Kc7 Qe7+ 73. Kc6 Qe8+ 74. Qd7 Qe4+ 75. Kc7 Qe5+ 76. Qd6 Kg5 77.
Qxe5+ fxe5 78. Kd6 e4 79. c6 e3 80. c7 e2 81. c8=Q e1=Q 82. Qf5+ Kh4 83. h6
Qd2+ 84. Ke7 Qxh6 85. Kf7 Qg5 1/2-1/2

[Event "4NCL/Div4/KSP vs. PPA2"]
[Site "West Bromwich ENG"]
[Date "2006.12.03"]
[Round "4.3"]
[White "Zhu, Yao Yao"]
[Black "Taylor, Robert K"]
[Result "1/2-1/2"]
[WhiteElo "2000"]
[BlackElo "2126"]
[PlyCount "41"]
[EventDate "2006.12.03"]
[EventType "team"]
[EventRounds "11"]
[EventCountry "ENG"]
[WhiteTeam "King supp Pawn"]
[BlackTeam "Poisnd Pawns 2"]

1. e4 e5 2. Nf3 Nc6 3. d4 exd4 4. Bc4 Nf6 5. e5 Ne4 6. O-O d5 7. Bb5 Bd7 8.
Bxc6 bxc6 9. Nxd4 Qh4 10. f3 Nc5 11. c3 Ne6 12. Be3 Bc5 13. Bf2 Qd8 14. Nd2 Bb6
15. N2b3 O-O 16. Nxe6 fxe6 17. Bc5 Qg5 18. Qe2 Be8 19. a4 Qh6 20. a5 Bxc5+ 21.
Nxc5 1/2-1/2

[Event "4NCL/Div4/KSP vs. PPA2"]
[Site "West Bromwich ENG"]
[Date "2006.12.03"]
[Round "4.4"]
[White "Bailey, Kevin"]
[Black "Spencer, Doug"]
[Result "1/2-1/2"]
[WhiteElo "2120"]
[BlackElo "1970"]
[PlyCount "108"]
[EventDate "2006.12.03"]
[EventType "team"]
[EventRounds "11"]
[EventCountry "ENG"]
[WhiteTeam "Poisnd Pawns 2"]
[BlackTeam "King supp Pawn"]

1. c4 g6 2. Nc3 Nf6 3. g3 Bg7 4. Bg2 O-O 5. Nf3 d6 6. O-O Nc6 7. d4 e5 8. d5
Ne7 9. e4 Ne8 10. Ne1 f5 11. Nd3 b6 12. f4 exf4 13. Nxf4 g5 14. Ne6 Bxe6 15.
dxe6 f4 16. gxf4 gxf4 17. Rxf4 Rxf4 18. Bxf4 Ng6 19. Bg3 c6 20. e5 Bxe5 21.
Bxc6 Rc8 22. Bd5 Qe7 23. Qf3 Nc7 24. Qg4 Re8 25. Bxe5 dxe5 26. Ne4 Kh8 27. Rf1
Nf4 28. Kh1 Ncxe6 29. Rg1 Ng6 30. Qf5 Ng7 31. Qh3 Qh4 32. Qxh4 Nxh4 33. Ng5 h6
34. Nf7+ Kh7 35. Be4+ Nhf5 36. Nd6 Rf8 37. Rxg7+ Kxg7 38. Nxf5+ Kg6 39. Nd4+
Kf6 40. Nf3 Ke6 41. Kg2 Rf4 42. Nd2 Kd6 43. b4 a5 44. a3 axb4 45. axb4 Kc7 46.
c5 bxc5 47. bxc5 Kd7 48. Bf3 Rd4 49. Ne4 Kc6 50. Ng5+ Kxc5 51. Ne6+ Kd6 52.
Nxd4 exd4 53. Be4 Ke5 54. Kf3 Kf6 1/2-1/2

[Event "4NCL/Div4/KSP vs. PPA2"]
[Site "West Bromwich ENG"]
[Date "2006.12.03"]
[Round "4.5"]
[White "Parry, Matthew"]
[Black "Retallick, Lloyd"]
[Result "0-1"]
[WhiteElo "1677"]
[BlackElo "2065"]
[PlyCount "68"]
[EventDate "2006.12.03"]
[EventType "team"]
[EventRounds "11"]
[EventCountry "ENG"]
[WhiteTeam "King supp Pawn"]
[BlackTeam "Poisnd Pawns 2"]

1. d4 d5 2. Nf3 Nf6 3. e3 c5 4. c3 Nc6 5. Bd3 Bg4 6. Nbd2 e6 7. O-O Rc8 8. Qa4
c4 9. Bb1 Qd7 10. Qd1 Bd6 11. e4 dxe4 12. Nxe4 Nxe4 13. Bxe4 Ne7 14. h3 Bf5 15.
Bxf5 Nxf5 16. Ne5 Bxe5 17. dxe5 Qxd1 18. Rxd1 h6 19. g4 Ne7 20. Be3 b6 21. f4
Nd5 22. Kf2 Ke7 23. f5 h5 24. Rxd5 exd5 25. g5 g6 26. f6+ Ke6 27. Bd4 h4 28.
Re1 Rce8 29. Kf3 Kf5 30. Rg1 Rh5 31. Re1 Rxg5 32. e6 Rg3+ 33. Kf2 Rxe6 34. Rxe6
Kxe6 0-1

[Event "4NCL/Div4/ANGA vs. FCA2"]
[Site "West Bromwich ENG"]
[Date "2006.12.03"]
[Round "4.1"]
[White "Munson, Shaun D"]
[Black "Williamson, Kevin J"]
[Result "0-1"]
[WhiteElo "2208"]
[BlackElo "2017"]
[PlyCount "88"]
[EventDate "2006.12.03"]
[EventType "team"]
[EventRounds "11"]
[EventCountry "ENG"]
[WhiteTeam "Ang Avengers"]
[BlackTeam "FCA Solutions 2"]

1. d4 d6 2. Nc3 Nf6 3. e4 c6 4. f4 Qa5 5. e5 Ne4 6. Qf3 Nxc3 7. Bd2 Qd5 8. Qxc3
Qe4+ 9. Kf2 dxe5 10. dxe5 e6 11. Re1 Qd5 12. Be3 Be7 13. Nf3 O-O 14. Bc4 Qd8
15. Rd1 Qc7 16. Rhe1 Rd8 17. Rxd8+ Qxd8 18. a3 Nd7 19. Rd1 Qc7 20. Bb3 b6 21.
Nd2 Nc5 22. Bc4 Bb7 23. b4 Na4 24. Qb3 b5 25. Bd3 Nb6 26. c4 bxc4 27. Nxc4 Nd5
28. Bc1 a5 29. bxa5 Bc5+ 30. Kg3 Ba6 31. Bd2 g5 32. fxg5 Bxc4 33. Qxc4 Qxe5+
34. Kf3 Ne3 35. Qh4 Nxd1 36. Qxh7+ Kf8 37. g6 Qf6+ 38. Ke2 Ke7 39. g7 Nb2 40.
Be3 Bxe3 41. Kxe3 Qg5+ 42. Kf2 Nxd3+ 43. Qxd3 Qxg7 44. Qb3 Qd4+ 0-1

[Event "4NCL/Div4/ANGA vs. FCA2"]
[Site "West Bromwich ENG"]
[Date "2006.12.03"]
[Round "4.2"]
[White "Elwin, Adrian G"]
[Black "Wallis, Ian"]
[Result "1/2-1/2"]
[WhiteElo "2048"]
[BlackElo "2075"]
[PlyCount "80"]
[EventDate "2006.12.03"]
[EventType "team"]
[EventRounds "11"]
[EventCountry "ENG"]
[WhiteTeam "FCA Solutions 2"]
[BlackTeam "Ang Avengers"]

1. Nf3 Nc6 2. d4 d5 3. c4 Bg4 4. Nc3 e6 5. Bf4 Nf6 6. Ne5 Nxe5 7. Bxe5 Be7 8.
Qb3 O-O 9. e3 c5 10. Be2 cxd4 11. Bxd4 Bxe2 12. Nxe2 dxc4 13. Qxc4 Qa5+ 14. Bc3
Qg5 15. Qf4 Qxf4 16. Nxf4 Ne4 17. Ne2 Nxc3 18. Nxc3 Rfd8 19. Ke2 Bb4 20. Rac1
Rac8 21. a3 Bxc3 22. Rxc3 Rxc3 23. bxc3 Kf8 24. Rb1 b6 25. Rb4 Ke7 26. a4 Rd5
27. e4 Rc5 28. Kd3 Rh5 29. h3 Rg5 30. g3 Rc5 31. Rb5 Kd6 32. c4 Kc6 33. f4 a6
34. Rb3 Ra5 35. Ra3 Kc5 36. Ra1 b5 37. cxb5 axb5 38. Rc1+ Kd6 39. axb5 Rxb5 40.
Rc3 Rc5 1/2-1/2

[Event "4NCL/Div4/ANGA vs. FCA2"]
[Site "West Bromwich ENG"]
[Date "2006.12.03"]
[Round "4.3"]
[White "Gregory, Stephen J"]
[Black "Valentine, Brian J"]
[Result "1/2-1/2"]
[WhiteElo "2137"]
[BlackElo "2003"]
[PlyCount "113"]
[EventDate "2006.12.03"]
[EventType "team"]
[EventRounds "11"]
[EventCountry "ENG"]
[WhiteTeam "Ang Avengers"]
[BlackTeam "FCA Solutions 2"]

1. e4 Nc6 2. Bb5 e5 3. Bxc6 bxc6 4. d3 d5 5. Nd2 Nf6 6. Ngf3 Bd6 7. O-O O-O 8.
Re1 Re8 9. h3 c5 10. exd5 Nxd5 11. Nc4 f6 12. Bd2 Qe7 13. a3 Qf7 14. Nh2 Bf8
15. Qf3 Be6 16. Qg3 Ne7 17. Ne3 Nf5 18. Nxf5 Bxf5 19. Qf3 Be6 20. b3 Bd5 21.
Qg4 Bd6 22. f3 h5 23. Qh4 Qg6 24. Qf2 f5 25. Be3 e4 26. dxe4 fxe4 27. f4 c4 28.
Rad1 Be6 29. bxc4 Bxh3 30. Rd5 Bf5 31. a4 a6 32. Nf1 c6 33. Rdd1 Bb4 34. Bd2
Bf8 35. Bc3 Rad8 36. Be5 Qe6 37. Kh2 Bg4 38. Rxd8 Rxd8 39. Qb6 Qe7 40. Rxe4
Qh4+ 41. Kg1 Rd1 42. Bd4 Bf5 43. Re8 Bd7 44. Rxf8+ Kxf8 45. Qb8+ Kf7 46. Qe5
Qg4 47. Kf2 h4 48. Bc3 Qg6 49. g4 Qxg4 50. Ne3 Qg3+ 51. Ke2 Bg4+ 52. Nxg4 Qxg4+
53. Kf2 Qg1+ 54. Kf3 Qg3+ 55. Ke2 Qg4+ 56. Kf2 Qg3+ 57. Ke2 1/2-1/2

[Event "4NCL/Div4/ANGA vs. FCA2"]
[Site "West Bromwich ENG"]
[Date "2006.12.03"]
[Round "4.4"]
[White "Majer, Chris E"]
[Black "Reynolds, D Ian"]
[Result "1-0"]
[WhiteElo "1997"]
[BlackElo "2093"]
[PlyCount "79"]
[EventDate "2006.12.03"]
[EventType "team"]
[EventRounds "11"]
[EventCountry "ENG"]
[WhiteTeam "FCA Solutions 2"]
[BlackTeam "Ang Avengers"]

1. e4 e5 2. Bc4 Nf6 3. d4 exd4 4. Nf3 Nc6 5. e5 d5 6. Bb5 Ne4 7. Nxd4 Bd7 8.
Bxc6 bxc6 9. O-O Bc5 10. f3 Ng5 11. f4 Ne4 12. Be3 Bb6 13. c3 c5 14. Nb3 Ba4
15. Qg4 g6 16. N1d2 Nxd2 17. Nxd2 d4 18. Bf2 Qd5 19. Rfe1 Bd7 20. Qg5 Qe6 21.
Ne4 Qe7 22. Nf6+ Kd8 23. Rad1 Kc8 24. Qg3 Be6 25. cxd4 cxd4 26. Bxd4 Bxa2 27.
Qc3 Be6 28. Qc6 Rb8 29. Ne4 Bd7 30. Nd6+ Kd8 31. Nxf7+ Qxf7 32. Bxb6 Rxb6 33.
Qa8+ Ke7 34. Qxh8 c5 35. Qa8 Qa2 36. Rd2 Rc6 37. Red1 Rc7 38. Qh8 Qf7 39. Qf6+
Qxf6 40. exf6+ 1-0

[Event "4NCL/Div4/ANGA vs. FCA2"]
[Site "West Bromwich ENG"]
[Date "2006.12.03"]
[Round "4.5"]
[White "Ruthen, Steven"]
[Black "Shaw, John S"]
[Result "1/2-1/2"]
[WhiteElo "2110"]
[BlackElo "1895"]
[PlyCount "33"]
[EventDate "2006.12.03"]
[EventType "team"]
[EventRounds "11"]
[EventCountry "ENG"]
[WhiteTeam "Ang Avengers"]
[BlackTeam "FCA Solutions 2"]

1. f4 Nf6 2. Nf3 d5 3. e3 g6 4. Be2 Bg7 5. O-O O-O 6. d3 c5 7. Nc3 Nc6 8. e4 d4
9. Na4 b6 10. c4 e5 11. a3 exf4 12. Bxf4 Nd7 13. Qd2 Qe7 14. Rab1 Nde5 15. b4
f5 16. Bg5 Bf6 17. Bh6 1/2-1/2